| 000 | 01117nam a2200241Ia 4500 | ||
|---|---|---|---|
| 999 |
_c52522 _d52522 |
||
| 001 | 19546 | ||
| 003 | GE_BSU | ||
| 005 | 20200227170832.0 | ||
| 008 | 181216s1983||||ge |||||||||||||| ||ge || | ||
| 040 | _cGE_BSU | ||
| 041 | _ageo | ||
| 080 | _a811.353.1-26 დ-19 | ||
| 100 |
_aდანელია, კორნელი _97597 |
||
| 245 |
_aქართული სამწერლო ენის ისტორიის საკითხები / _cკორნელი დანელია ; რედ. ა. შანიძე. |
||
| 264 |
_aთბილისი : _bთბილ. უნ-ტის გამ-ბა, _c1983. |
||
| 300 |
_a416 გვ. ; _c22 სმ. |
||
| 504 | _aბიბლიოგრაფია ტექსტის შენიშვნებში | ||
| 520 | _aრეზიუმე რუსულ ენაზე | ||
| 653 | _aქართული ენა | ||
| 653 | _aქართული სალიტერატურო ენის ისტორია | ||
| 700 |
_a შანიძე, ა. _eრედაქტორი _97598 |
||
| 942 |
_cBK _2udc |
||